Guías de condición para los campos naturales de "precordillera" y "sierras y mesetas" de Patagonia /
Guardado en:
| Autor Principal: | |
|---|---|
| Autor Corporativo: | |
| Otros Autores: | |
| Formato: | Libro |
| Idioma: | Spanish |
| Publicado: |
Bariloche :
INTA EEA Bariloche,
1998.
|
| Etiquetas: |
Agregar Etiqueta
Sin Etiquetas, Sea el primero en etiquetar este registro!
|
| LEADER | 00732nam a22001575a 4500 | ||
|---|---|---|---|
| 001 | EEA.libagro006432 | ||
| 005 | 20180622100957.0 | ||
| 008 | 130809s1998####ag#a##########000#0#spa#d | ||
| 082 | 0 | 4 | |a 333.7409827 |
| 100 | 1 | |a Bonvissuto, Griselda L. | |
| 245 | 1 | 0 | |a Guías de condición para los campos naturales de "precordillera" y "sierras y mesetas" de Patagonia / |c Griselda L. Bonvissuto, Roberto C. Somlo. |
| 260 | |a Bariloche : |b INTA EEA Bariloche, |c 1998. | ||
| 300 | |a 24, [13] p. : |b il. ; |c 20 cm. | ||
| 700 | 1 | |a Somlo, Roberto C. | |
| 710 | 2 | |a Instituto Nacional de Tecnología Agropecuaria (Argentina). |b Centro Regional Patagonia Norte. |b Estación Experimental Agropecuaria Bariloche. | |
| 859 | |a AR-BbBCA |b BIB. AGRONOMIA |h 333.7409827 |i B723 |p 1999/3798 | ||
